[Event "Stay Safe Play From Home 193"]
[Site "T#646517Emanuel Laske"]
[Date "2020.06.02"]
[Round "7"]
[White "Edmatuag"]
[Black "Cubail"]
[Result "0-1"]
[WhiteElo "1674"]
[BlackElo "1272"]
[Annotator "NA RC"]
[PlyCount "48"]
[EventDate "2020.06.02"]
[EventType "swiss (blitz)"]

1. e4 {[%emt 0:00:03]} f5 {[%emt 0:00:01]} 2. exf5 {[%emt 0:00:02]} Nf6 {[%emt 0:00:01]} 3. d3 {[%emt 0:00:01]} d5 {[%emt 0:00:01]} 4. Bg5 {[%emt 0:00:02]} Bxf5 {[%emt 0:00:01]} 5. Bxf6 {[%emt 0:00:01]} exf6 {[%emt 0:00:01]} 6. Nc3 {[%emt 0:00:01]} Bb4 {[%emt 0:00:02]} 7. Nge2 {[%emt 0:00:02]} d4 {[%emt 0:00:01]} 8. a3 {[%emt 0:00:02]} dxc3 {[%emt 0:00:03]} 9. axb4 {[%emt 0:00:01]} cxb2 {[%emt 0:00:03]} 10. Rb1 {[%emt 0:00:01]} Nc6 {[%emt 0:00:02]} 11. Rxb2 {[%emt 0:00:01]} Qe7 {[%emt 0:00:02]} 12. c3 {[%emt 0:00:08]} O-O-O {[%emt 0:00:03]} 13. d4 {[%emt 0:00:02]} Rhe8 {[%emt 0:00:05]} 14. Qa4 {[%emt 0:00:02]} Kb8 {[%emt 0:00:03]} 15. b5 {[%emt 0:00:03]} Bd3 {[%emt 0:00:07]} 16. bxc6 {[%emt 0:00:03]} Bxe2 {[%emt 0:00:03]} 17. Bxe2 {[%emt 0:00:09]} Qd6 {[%emt 0:00:06]} 18. Rxb7+ {[%emt 0:00:03]} Kc8 {[%emt 0:00:02]} 19. Qxa7 {[%emt 0:00:02]} Qxc6 {[%emt 0:00:03]} 20. Rb8+ {[%emt 0:00:05]} Kd7 {[%emt 0:00:02]} 21. Rxd8+ {[%emt 0:00:03]} Kxd8 {[%emt 0:00:02]} 22. Qc5 {[%emt 0:00:02]} Qxc5 {[%emt 0:00:02]} 23. dxc5 {[%emt 0:00:00]} Kd7 {[%emt 0:00:01]} 24. Kd2 {[%emt 0:00:00]} Kc6 {[%emt 0:00:01] Time (Lag: Av=0.43s, max=0.9s)} 0-1

[Event "Stay Safe Play From Home 193"]
[Site "T#646517Emanuel Laske"]
[Date "2020.06.02"]
[Round "7"]
[White "Trotsky"]
[Black "Emresenar"]
[Result "0-1"]
[WhiteElo "1546"]
[BlackElo "1733"]
[Annotator "NA RC"]
[PlyCount "82"]
[EventDate "2020.06.02"]
[EventType "swiss (blitz)"]

1. d4 {[%emt 0:00:01]} d5 {[%emt 0:00:01]} 2. e3 {[%emt 0:00:00]} Nf6 {[%emt 0:00:01]} 3. c4 {[%emt 0:00:01]} Bg4 {[%emt 0:00:00]} 4. f3 {[%emt 0:00:01]} Bh5 {[%emt 0:00:01]} 5. Nc3 {[%emt 0:00:01]} Nbd7 {[%emt 0:00:02]} 6. g4 {[%emt 0:00:01]} Bg6 {[%emt 0:00:01]} 7. c5 {[%emt 0:00:01]} c6 {[%emt 0:00:02]} 8. h4 {[%emt 0:00:01]} h6 {[%emt 0:00:01]} 9. Bd3 {[%emt 0:00:01]} Bxd3 {[%emt 0:00:02]} 10. Qxd3 {[%emt 0:00:01]} e5 {[%emt 0:00:00]} 11. Nh3 {[%emt 0:00:01]} e4 {[%emt 0:00:02]} 12. fxe4 {[%emt 0:00:01]} Nxg4 {[%emt 0:00:01]} 13. Bd2 {[%emt 0:00:04]} Qxh4+ {[%emt 0:00:01]} 14. Kd1 {[%emt 0:00:03]} Ndf6 {[%emt 0:00:15]} 15. Kc2 {[%emt 0:00:03]} Be7 {[%emt 0:00:04]} 16. e5 {[%emt 0:00:03]} Nd7 {[%emt 0:00:04]} 17. Raf1 {[%emt 0:00:03]} O-O {[%emt 0:00:02]} 18. Ng5 {[%emt 0:00:02]} Qxg5 {[%emt 0:00:02]} 19. e4 {[%emt 0:00:04]} dxe4 {[%emt 0:00:01]} 20. Nxe4 {[%emt 0:00:02]} Qg6 {[%emt 0:00:01]} 21. Rfg1 {[%emt 0:00:03]} f5 {[%emt 0:00:01]} 22. Rxg4 {[%emt 0:00:03]} fxg4 {[%emt 0:00:02]} 23. Nf6+ {[%emt 0:00:03]} Rxf6 {[%emt 0:00:03]} 24. exf6 {[%emt 0:00:02]} Qxd3+ {[%emt 0:00:01]} 25. Kxd3 {[%emt 0:00:01]} Nxf6 {[%emt 0:00:01]} 26. Bc3 {[%emt 0:00:03]} Re8 {[%emt 0:00:01]} 27. Kc4 {[%emt 0:00:01]} Kf7 {[%emt 0:00:01]} 28. b4 {[%emt 0:00:01]} h5 {[%emt 0:00:00]} 29. a4 {[%emt 0:00:01]} Nd5 {[%emt 0:00:00]} 30. b5 {[%emt 0:00:01]} Nxc3 {[%emt 0:00:01]} 31. Kxc3 {[%emt 0:00:01]} cxb5 {[%emt 0:00:00]} 32. axb5 {[%emt 0:00:01]} Rc8 {[%emt 0:00:00]} 33. Kb4 {[%emt 0:00:01]} b6 {[%emt 0:00:01]} 34. Rc1 {[%emt 0:00:01]} bxc5+ {[%emt 0:00:01]} 35. dxc5 {[%emt 0:00:01]} Ke6 {[%emt 0:00:00]} 36. Ka5 {[%emt 0:00:01]} Kd5 {[%emt 0:00:00]} 37. b6 {[%emt 0:00:01]} Rxc5+ {[%emt 0:00:01]} 38. Ka6 {[%emt 0:00:01]} Ra5+ {[%emt 0:00:01]} 39. Kb7 {[%emt 0:00:01]} axb6 {[%emt 0:00:00]} 40. Kxb6 {[%emt 0:00:01]} Ra7 {[%emt 0:00:00]} 41. Rc5+ {[%emt 0:00:01]} Bxc5+ {[%emt 0:00:00] Âðåìÿ (Lag: Av=0.58s, max=0.9s)} 0-1

[Event "Stay Safe Play From Home 193"]
[Site "T#646517Emanuel Laske"]
[Date "2020.06.02"]
[Round "8"]
[White "Toosieslide"]
[Black "SoulofWolf"]
[Result "0-1"]
[WhiteElo "2238"]
[BlackElo "2152"]
[Annotator "TA"]
[PlyCount "148"]
[EventDate "2020.06.02"]
[EventType "swiss (blitz)"]

{[%evp 12,147,22,14,29,2,13,0,50,-33,-19,-20,-20,-32,-22,-28,-27,-22,13,-16,31,32,180,176,187,80,68,66,138,144,137,79,80,-78,88,-6,-5,-14,-14,-13,-14,-35,-39,-60,-56,-139,-14,-66,-75,-50,-6,-1301,-1354,-29975,-29975,-29982,-29983,-29983,-29984,-29983,-29982,-29982,-29980,-29983,-29984,-29984,-29985,-29985,-29980,-29979,-29981,-29981,-29982,-29982,-29983,-29984,-29985,-29985,-29986,-29986,-29987,-29987,-29985,-29985,-29986,-29986,-29987,-29989,-29990,-29990,-29990,-29991,-29990,-29991,-29992,-29992,-29993,-29993,-29994,-29994,-29994,-29994,-29993,-29993,-29993,-29993,-29994,-29994,-29994,-29994,-29994,-29994,-29994,-29994,-29994,-29994,-29994,-29994,-29995,-29996,-29996,-29996,-29996,-29996,-29996,-29996,-29996,-29996,-29996,-29996,-29997,-29997,-29997,-29997,-29998,-29998,-29999,-29999]} 1. d4 e6 2. c4 Nf6 3. Nc3 d5 4. cxd5 exd5 5. Bg5 Be7 6. e3 O-O 7. Bd3 Bg4 {D35: Queen's Gambit Declined: Exchange Variation.} 8. Qc2 h6 9. Bh4 Nc6 {[#] The position is equal.} 10. f3 $146 (10. a3 $14) ({Predecessor:} 10. a3 a6 11. f3 Be6 12. Nge2 Ne8 13. Bf2 f5 14. Nf4 Qd7 15. Nxe6 Qxe6 16. Nxd5 Nxd4 {1-0 (32) Georgescu,I (1926)-Kelemen,N (1558) Targu Mures 2014}) 10... Nb4 $15 11. Qb1 Nxd3+ 12. Qxd3 Bh5 13. Nge2 Bg6 14. Qd2 a6 15. O-O b5 16. Nf4 {Hoping for Bxf6.} Bh7 (16... c6 $1 $14) 17. Bxf6 $1 $18 Bxf6 18. Nfxd5 (18. Ncxd5 $18 {Threatens to win with Rfc1.} g5 19. Nxf6+ Qxf6 20. Ne2) 18... Bg5 $16 19. f4 (19. a3 {seems wilder.} c6 20. Nb4 Qd6 21. f4 Bf6 22. Rfd1) 19... Be7 (19... Bh4 $1 $14) 20. Nxe7+ Qxe7 21. Rae1 (21. f5 $142) 21... Rad8 22. Qf2 $2 (22. f5 $16 {and life is bright.}) 22... Rfe8 $2 (22... Bd3 $17 23. Ne2 Rfe8) 23. e4 (23. f5 $16) 23... b4 $11 24. Nd5 Qd6 $1 25. f5 {[#] And now f6 would win.} c6 26. Nf4 Qxd4 27. Qxd4 Rxd4 28. Rc1 (28. e5 $15) 28... Rdxe4 (28... Rexe4 $17 29. Nh5 Re5) 29. Rxc6 ({White should try} 29. g4 $11) 29... Bxf5 $15 30. Rxa6 Bc8 31. Nd5 $2 {[%mdl 8192]} (31. Rd6 $11) 31... Bxa6 $19 32. Nc7 Bxf1 {Black mates.} 33. Nxe8 Rxe8 34. Kxf1 {[%mdl 4096] Endgame KR-KP} Ra8 35. a3 b3 36. Ke2 Rc8 37. Kd2 Rc2+ {[%mdl 64] [#] Double Attack} 38. Kd3 Rxb2 {KR-K3P} 39. Kc4 Rb1 40. Kc3 g5 41. a4 Kg7 42. a5 Kg6 43. a6 Kf5 44. a7 Ra1 45. Kxb3 Rxa7 {KR-KPP} 46. Kc4 Re7 47. Kd3 Kf4 48. Kd4 Re2 49. Kd5 Rxg2 {KR-KP} 50. h3 f5 51. Ke6 Rg3 52. Kf6 Rxh3 {KR-K} 53. Kg6 g4 54. Kf6 g3 55. Kf7 Kg4 56. Ke6 f4 57. Ke5 f3 58. Kd4 Rh2 59. Kd5 Re2 60. Kc6 Kf4 61. Kc5 h5 62. Kc6 h4 63. Kb5 h3 64. Kc6 h2 65. Kb5 g2 66. Kc5 f2 67. Kc6 Re5 68. Kd6 Kf5 69. Kd7 Re6 70. Kd8 f1=Q 71. Kd7 g1=Q 72. Kc7 Qc5+ 73. Kb7 Qb1+ 74. Ka8 Re8# {What a bad dream for White. Accuracy: White = 35%, Black = 46%.} 0-1

[Event "Stay Safe Play From Home 193"]
[Site "T#646517Emanuel Laske"]
[Date "2020.06.02"]
[Round "8"]
[White "Tolka"]
[Black "Bellbox"]
[Result "0-1"]
[WhiteElo "2230"]
[BlackElo "2093"]
[Annotator "TA"]
[PlyCount "142"]
[EventDate "2020.06.02"]
[EventType "swiss (blitz)"]

{[%evp 14,142,18,16,13,9,30,35,32,3,27,36,63,23,31,35,14,23,36,22,53,40,50,40,41,41,268,49,82,88,84,85,77,80,81,64,78,68,82,0,0,-26,-31,-27,-20,-952,-426,-394,-418,-398,-410,-383,0,6,380,362,328,-30,-30,-42,-30,-30,0,-22,-22,-22,0,0,0,0,0,0,0,-4,0,0,8,-11,-11,-12,-2,-219,-156,-1033,-312,-1023,-310,-312,-312,-6187,-5165,-1579,-307,-7453,-7116,-5522,-5409,-5077,-6187,-29987,-29988,-29988,-29989,-29989,-29990,-29992,-29993,-29993,-29994,-29994,-29995,-29996,-29994,-29997,-29995,-29995,-29995,-29995,-29995,-29995,-29996,-29998,-29996,-29996,-29995,-29996,-29995,-29997,-29995,-29996,-29995]} 1. e4 e5 2. Nc3 Nf6 3. Nf3 Bb4 4. Nxe5 O-O 5. Nd3 Bxc3 6. dxc3 Nxe4 7. Be2 Re8 8. O-O Nc6 {C42: Petroff Defence: 3 Nxe5 and unusual White 3rd moves.} 9. f3 Nf6 10. Bg5 d6 {White is slightly better.} 11. Qd2 h6 12. Bh4 {[#]} Ne5 $146 ({Predecessor:} 12... Ne4 13. Qf4 Nxc3 14. bxc3 g5 15. Rfe1 Kg7 16. Qg3 Kf8 17. Bxg5 Qxg5 18. f4 Qxg3 19. hxg3 {½-½ (60) Krabbe,T (2290)-Comp Chess Genius The Hague 1994}) 13. Rae1 Ng6 14. Bf2 Bf5 15. b3 Qd7 16. c4 Qc6 17. Nb4 Qd7 18. Nd5 Nxd5 19. cxd5 {Strongly threatening g4.} Re7 $2 ({Better is} 19... h5 $14) 20. a4 $2 (20. g4 $18) 20... Rae8 21. Bb5 (21. g4 {[#]} Bxg4 $1 {[%mdl 512]} 22. Bb5 (22. fxg4 $2 Rxe2 23. Qb4 Rxc2 $19) 22... c6 $17) 21... c6 22. dxc6 bxc6 {White must now prevent ...Rxe1.} 23. Rxe7 Rxe7 24. Bc4 d5 25. Ba6 Qd6 26. Qc3 (26. b4 $16) 26... Nf4 $11 27. Bc5 Qg6 $1 {[%csl Gf4,LRc2,LRg2][%cal Rg6g2]} 28. g3 Re2 29. Re1 $2 {[%mdl 8192]} (29. Rf2 $11 Nh3+ {[%mdl 64] Double Attack} 30. Kg2 Rxf2+ 31. Bxf2) 29... Rxc2 (29... Rg2+ $142 30. Kh1 Rxc2) 30. Qe3 $19 Ng2 31. Qe8+ Kh7 32. Re2 {Threatens to win with Rxc2.} Rxe2 $2 ({But not} 32... Rxc5 33. Kxg2 Rc3 34. Qe5 $19) ({Black should try} 32... Bh3 $19 33. b4 Nf4) 33. Qxe2 $11 Bh3 $2 {[%mdl 8192]} (33... Nf4 $1 $11 34. Qd2 Bc8) 34. Bd3 $18 f5 {intending ...Nf4.} 35. g4 $2 ({Less strong is} 35. Bxa7 Nf4 $14) (35. Qe5 $18) 35... Nf4 $11 36. Qc2 Nxd3 37. Qxd3 Qg5 {aiming for ...Qc1+.} (37... a6 {with more complications.} 38. Qxf5 Qxf5 39. gxf5 Bxf5 40. a5 Bc2) 38. Qxf5+ (38. Bxa7 {looks sharper.} Qc1+ 39. Kf2 Qb2+ 40. Ke1 Qc1+ 41. Kf2) 38... Qxf5 39. gxf5 Bxf5 40. Bxa7 {[%mdl 4096] Endgame KB-KB} Bc2 41. Bc5 Bxb3 42. a5 {And now a6 would win.} Bc4 43. Kg2 Ba6 44. Kg3 Kg6 45. f4 Kf5 46. Kf3 g5 47. Ke3 $2 (47. fxg5 $11 hxg5 48. Ke3) 47... gxf4+ 48. Kf2 $2 (48. Kf3 $17) 48... Kg4 $2 (48... Ke4 49. Ba3 h5) 49. Ke1 $2 (49. Bb6) 49... h5 $2 (49... Kf3 50. Bf2 h5) 50. Kf2 $19 h4 51. Kg1 $2 (51. Bd4) 51... h3 52. Kf2 f3 $2 (52... Kf5 53. Be7 Ke5) 53. Bd4 $2 (53. Ke3) 53... Kf4 54. Bc5 Ke4 55. Be3 d4 56. Bxd4 Kxd4 {Black mates.} 57. Kxf3 {KB-KPP} c5 58. Kg3 c4 59. Kxh3 c3 60. Kg3 c2 61. h4 c1=Q 62. h5 Qa1 63. Kh4 Qxa5 64. h6 Qd8+ 65. Kh5 {[#]} Qh8 $1 66. Kg6 Ke5 67. h7 Kf4 68. Kf7 Bd3 69. Ke6 Qxh7 70. Kd5 Qf5+ 71. Kc6 Qe4+ {What a fight! Accuracy: White = 48%, Black = 60%.} 0-1

[Event "Stay Safe Play From Home 193"]
[Site "T#646517Emanuel Laske"]
[Date "2020.06.02"]
[Round "8"]
[White "Lamborghini"]
[Black "Broken sword"]
[Result "1-0"]
[WhiteElo "2208"]
[BlackElo "2536"]
[Annotator "TA"]
[PlyCount "103"]
[EventDate "2020.06.02"]
[EventType "swiss (blitz)"]

{[%evp 9,102,84,92,48,82,72,66,48,60,41,101,57,63,0,116,116,199,152,170,161,291,293,284,272,356,368,364,363,349,350,1268,1253,1346,1301,2442,2234,29982,29982,29972,29973,29977,10100,29966,5576,29978,29978,29978,29979,29977,5589,1601,0,29975,29977,29977,29978,29983,29984,29987,29987,29987,29988,29999,29988,29988,0,29987,6199,6170,6079,5489,5161,29985,29986,29986,29987,29987,29988,29989,29990,29990,29991,29991,29992,29993,29993,29993,29994,29995,29995,29997,29998,29998,29999,29999]} 1. e4 e6 2. d4 c5 3. Nc3 a6 4. d5 exd5 5. Nxd5 d6 {[#]} 6. Bf4 $146 {C01: French: Exchange Variation.} ({Predecessor:} 6. Ne2 Nf6 7. Nec3 Be6 8. Nxf6+ Qxf6 9. Nd5 Bxd5 10. Qxd5 Nc6 11. c3 Be7 12. Be3 {1-0 (28) Buchaillot,L (2218)-Alvarez Castillo,H (2035) ICCF email 2005}) 6... Nc6 7. Qd2 Nf6 8. Nxf6+ {White is slightly better.} Qxf6 9. O-O-O $1 Ne5 (9... Be6 $14) 10. Nf3 {Hoping for Nxe5.} Be7 11. Bg5 (11. Be2 $14) 11... Qe6 (11... Nxf3 $11 12. Bxf6 Nxd2 13. Bxe7 Kxe7 14. Rxd2 Be6) 12. Bxe7 $16 {Black is now going downhill.} Kxe7 (12... Nxf3 $16 13. gxf3 Qxe7) 13. Nxe5 Qxe5 14. f4 $40 {[%mdl 128] Black is in trouble.} Qe6 {[#]} (14... Qf6 {is a better defense.} 15. Be2 Rb8) 15. Bc4 $1 $18 {[%cal Rc4e6][%mdl 512]} Qh6 (15... Qxc4 16. Qxd6+) 16. e5 Rd8 17. exd6+ Rxd6 18. Rhe1+ Kd7 19. Qe3 Rxd1+ $2 (19... Kc6 20. Bxf7 Bd7 21. Rxd6+ Qxd6) 20. Rxd1+ Kc7 21. Qe5+ Kb6 22. Rd6+ {[%mdl 64] Double Attack} Ka7 23. Rxh6 gxh6 24. Qxc5+ Kb8 25. Qd6+ Ka7 26. Bd5 (26. Bxf7 $142 Bg4 27. Qc5+ Kb8 28. f5 a5 29. Qd6+ Ka7 30. Qd4+ {[%mdl 64] Double Attack} Kb8 31. Qxg4) 26... Be6 27. Bxe6 fxe6 {[%mdl 4096] Endgame KQ-KR} 28. Qc5+ Kb8 29. Qf8+ (29. b4 $142 h5 30. Qxh5 Ka7 31. Qxh7 a5 32. bxa5 Rf8 33. g4 Ka8 34. g5) 29... Ka7 30. Qc5+ Kb8 31. b4 h5 32. h4 h6 33. Kd2 Ra7 34. Qf8+ Kc7 35. Qe7+ Kb8 36. Qd6+ Kc8 37. Qc5+ Kb8 38. Qxa7+ (38. Qe5+ $142 Kc8 39. Qxe6+ Kc7 40. Qe5+ Kc8 {[#]} 41. Qe7 $1 {[%mdl 512]} Ra8 42. f5 Kb8 43. f6) 38... Kxa7 {KP-KP} 39. Ke3 Kb6 40. Ke4 Kb5 41. Ke5 {White mates.} Kxb4 42. Kxe6 Kc3 43. f5 Kxc2 44. f6 Kb2 45. f7 Kxa2 46. f8=Q b5 47. Qc5 Kb3 48. Kd5 Ka4 49. Qe3 a5 50. Kc5 b4 51. Kc4 {[%csl Gc4][%cal Re3b3]} b3 52. Qxb3# {Accuracy: White = 74%, Black = 35%.} 1-0

[Event "Stay Safe Play From Home 193"]
[Site "T#646517Emanuel Laske"]
[Date "2020.06.02"]
[Round "8"]
[White "Rogan"]
[Black "Scorpio New"]
[Result "1-0"]
[WhiteElo "2207"]
[BlackElo "2127"]
[Annotator "TA"]
[PlyCount "143"]
[EventDate "2020.06.02"]
[EventType "swiss (blitz)"]

{[%evp 9,142,22,22,19,32,31,63,47,75,30,51,47,41,1,16,19,12,13,11,12,47,16,80,72,100,105,105,58,52,7,35,-14,2,0,0,6,87,86,88,65,71,0,54,-5,71,59,59,22,67,63,100,48,49,49,90,90,84,80,94,81,107,126,141,126,271,264,239,141,141,0,137,77,106,54,114,74,78,57,66,2,324,304,334,162,160,160,232,158,258,164,164,147,224,190,185,184,401,275,183,95,850,389,263,95,2209,2250,2138,1554,1571,8,8,8,8,0,8,0,29978,29979,29979,29980,29987,29988,29988,29989,29990,29991,29991,29992,29992,29993,29993,29992,29992,29993,29999]} 1. d4 d6 2. c3 Nf6 3. Nf3 Bg4 4. Bg5 Bxf3 5. exf3 Nbd7 {[#]} 6. Nd2 $146 {A46: 1 d4 Nf6 2 Nf3 e6: Torre, London and Colle Systems.} ({Predecessor:} 6. Bd3 h6 7. Bh4 e6 8. O-O Be7 9. f4 O-O 10. Nd2 Re8 11. Re1 Nf8 12. f5 exf5 13. Bxf5 {1-0 (51) Dreev,A (2490)-Zaichik,G (2510) Moscow 1988}) 6... c6 7. Bd3 Qa5 8. Bh4 {White is slightly better.} Qb6 9. Qb3 (9. Nc4 {with more complications.} Qd8 10. f4 d5 11. Ne5 e6 12. a4) 9... Qxb3 10. axb3 h6 11. O-O g5 12. Bg3 $36 {[%mdl 2048] White has some pressure.} Nh5 13. Rfe1 {Black must now prevent Bxd6.} Nxg3 14. hxg3 e6 15. b4 Bg7 (15... a6 $11 {keeps the balance.}) 16. b5 Nf6 17. bxc6 bxc6 18. Ba6 {Hoping for Bb7.} O-O 19. b4 {aiming for Bb7.} Rab8 20. Bd3 Rb7 21. Ne4 (21. Nc4 {seems wilder.} Rd7 22. Na5 Rc7 23. Ra3 Nd5 24. Rc1) 21... Nxe4 22. Bxe4 d5 (22... Rc7 $11) 23. Bd3 $16 Rfb8 24. Ra6 Rc7 25. Rea1 (25. Kf1 $16) 25... Rbb7 (25... e5 $11) 26. Kf1 (26. f4 $1 $14) 26... f6 (26... e5 $11) 27. Ke2 e5 28. Bf5 Kf8 29. Kd3 h5 30. g4 (30. R6a5 $16) 30... h4 $14 31. g3 Ke7 32. gxh4 gxh4 33. Rh1 exd4 34. Kxd4 Kf7 35. Rxh4 Rb8 36. Rh1 Rh8 (36... Rb6 $16 37. Ra4 Rb5) 37. Rxh8 $18 Bxh8 {[%mdl 4096] Endgame KRB-KRB} 38. f4 (38. Kc5 $1 $18) 38... Bg7 $16 39. Bd3 (39. Kd3 $16) 39... Bf8 (39... f5+ $1 $11 40. Ke3 fxg4) 40. f5 ({White should play} 40. f3) 40... Bd6 41. c4 (41. Ke3 $16) 41... Be5+ (41... Bxb4 $14 42. cxd5 cxd5) 42. Kc5 dxc4 43. Bxc4+ Ke7 44. Rxc6 (44. Be6 $14) 44... Rd7 $2 {[%mdl 8192]} (44... Bd4+ $11 {and Black stays safe.} 45. Kd5 Rxc6 46. Kxc6 Bxf2) 45. Re6+ $18 Kd8 46. b5 (46. Rxe5 $142 fxe5 47. f6) 46... Bd4+ 47. Kb4 Be5 (47... Re7 $16 {might work better.} 48. Rc6 Rc7) 48. Rc6 Bd6+ (48... Rd4 $16 {keeps fighting.} 49. Ra6 Rxg4 50. Rxa7 Bd6+ 51. Kb3 Rh4) 49. Kc3 Be5+ 50. Kc2 Bd6 (50... Rd6 $16 {was worth a try.} 51. Rxd6+ Bxd6) 51. Be6 Rc7 52. Kb3 Rxc6 $2 (52... Be5 53. Ra6 Ke8) 53. bxc6 {KB-KB} Kc7 54. Bd7 (54. Bd5 $1 $18) 54... Be5 $2 {[%mdl 8192]} (54... Bc5 $16) 55. Kc4 {Strongly threatening Kd5.} Kd6 56. Kd3 $2 (56. Kb5 $1 $18 {and the rest is easy.}) 56... Kc7 $2 {[%mdl 8192] [#]} (56... Bb2 $16) 57. Ke4 $1 Bd6 58. f4 Be7 {[#]} 59. g5 $2 (59. Kd5 $1 $18 {[%cal Rd5e6] And now Ke6 would win.} Bd8 60. Ke6) 59... fxg5 $11 60. fxg5 Bxg5 61. Ke5 Be7 62. Ke6 Bd8 $2 {[%mdl 8192]} (62... Bd6 $11) 63. f6 {White mates.} Bxf6 64. Kxf6 {KB-KP} Kb6 65. Ke5 Kc7 66. Kd5 a5 67. Kc5 a4 68. Be6 a3 69. Ba2 Kc8 70. Kb6 Kd8 71. c7+ Kc8 72. Be6# {Accuracy: White = 53%, Black = 44%.} 1-0

[Event "Stay Safe Play From Home 193"]
[Site "T#646517Emanuel Laske"]
[Date "2020.06.02"]
[Round "8"]
[White "Lazieri3"]
[Black "Buzaglo"]
[Result "1-0"]
[WhiteElo "2095"]
[BlackElo "1886"]
[Annotator "TA"]
[PlyCount "105"]
[EventDate "2020.06.02"]
[EventType "swiss (blitz)"]

{[%evp 9,104,8,2,-32,8,4,16,0,19,8,79,74,122,114,118,107,154,142,178,167,152,152,162,156,390,214,443,308,397,166,536,373,522,506,516,536,1079,1047,2866,2720,2873,2863,29990,6582,29991,29992,29992,29992,29993,29991,29995,29996,29996,29997,29998,29997,29998,29996,29996,29996,29998,29996,29997,29995,29996,29995,29997,29997,29997,29995,29996,29995,29995,29995,29998,29995,29996,29996,29998,29999,29999,29998,29998,29998,29998,29997,29997,29998,29998,0,29997,29998,29998,29998,29998,29999,29999]} 1. e4 e6 2. Nc3 d5 3. exd5 exd5 4. d4 Nf6 5. Nf3 Bb4 6. Be3 {[#] C01: French: Exchange Variation.} Bxc3+ $146 ({Predecessor:} 6... Bd6 7. Be2 O-O 8. h3 Bf5 9. Bd3 Bxd3 10. Qxd3 c6 11. g4 Nbd7 12. O-O-O Re8 13. Bg5 Qc8 14. Bxf6 Nxf6 {1-0 (26) Cayata,T-Curcho,R Villaguay 2016}) 7. bxc3 O-O 8. c4 {The position is equal.} dxc4 9. Bxc4 c5 (9... Bg4 $11 {remains equal.}) 10. dxc5 $16 Qd7 11. Qxd7 Bxd7 12. O-O a6 13. Ne5 Nc6 14. Nxd7 Nxd7 15. Rfd1 Nde5 16. Bd5 Ne7 $2 (16... Rad8 $16 {is a better defense.} 17. Rab1 Rd7) 17. c4 (17. Bxb7 $142 Rab8 18. Bxa6) 17... N7g6 $2 (17... N7c6 18. Rab1 Na5) 18. f4 Ng4 19. Bf2 (19. Bd2 $142) 19... Nf6 $2 (19... Nxf2 {is a better chance.} 20. Kxf2 Rac8 21. Bxb7 Rxc5 22. Bxa6 Ra5) 20. g3 Rac8 21. Bxb7 Rc7 22. c6 Ne4 23. Bb6 Rd7 24. cxd7 {[%mdl 64] [#] Discovered Attack} Nc3 25. d8=Q Rxd8 26. Rxd8+ Nf8 27. Bc5 {[%csl Gc5][%cal Rd8f8]} h6 28. Rxf8+ Kh7 29. Bd4 Kg6 30. Bxc3 Kf5 31. Rxf7+ {[%mdl 64] Double Attack} Ke6 32. Rxg7 h5 33. Rh7 h4 34. Rh6+ Kf5 35. Rxh4 a5 36. Ba6 a4 37. Rh5+ Kg4 38. Ra5 Kf3 39. Rxa4 Ke2 40. Rb4 Kd3 41. c5+ Kc2 42. c6 Kxc3 {[#]} 43. c7 $1 Kd2 44. c8=Q {[%csl Ga1][%cal Rc8c1]} Ke3 45. Rd1 {[%cal Rc8c3]} Kf3 46. Qe8 {[%csl Ga6][%cal Re8e2]} Kg4 47. Qe2+ Kf5 48. Qe5+ Kg4 49. Qe2+ Kf5 50. Rb5+ {White mates.} Kf6 51. Rd6+ Kf7 52. Rb7+ Kf8 53. Rd8# {White took control after the opening. Accuracy: White = 51%, Black = 12%.} 1-0

[Event "Stay Safe Play From Home 193"]
[Site "T#646517Emanuel Laske"]
[Date "2020.06.02"]
[Round "8"]
[White "Fischer_11"]
[Black "Edmatuag"]
[Result "1-0"]
[WhiteElo "2032"]
[BlackElo "1644"]
[Annotator "NA RC"]
[PlyCount "87"]
[EventDate "2020.06.02"]
[EventType "swiss (blitz)"]

1. e4 {[%emt 0:00:02]} d6 {[%emt 0:00:01]} 2. d4 {[%emt 0:00:01]} c5 {[%emt 0:00:01]} 3. Nc3 {[%emt 0:00:00]} cxd4 {[%emt 0:00:02]} 4. Qxd4 {[%emt 0:00:00]} Nc6 {[%emt 0:00:01]} 5. Bb5 {[%emt 0:00:01]} Bd7 {[%emt 0:00:01]} 6. Bxc6 {[%emt 0:00:00]} Bxc6 {[%emt 0:00:01]} 7. Nf3 {[%emt 0:00:00]} Nf6 {[%emt 0:00:01]} 8. O-O {[%emt 0:00:01]} g6 {[%emt 0:00:01]} 9. Bg5 {[%emt 0:00:05]} Bg7 {[%emt 0:00:01]} 10. Rad1 {[%emt 0:00:00]} O-O {[%emt 0:00:02]} 11. e5 {[%emt 0:00:01]} Nd7 {[%emt 0:00:02]} 12. Rfe1 {[%emt 0:00:03]} Nxe5 {[%emt 0:00:02]} 13. Nxe5 {[%emt 0:00:02]} Bxe5 {[%emt 0:00:01]} 14. Qh4 {[%emt 0:00:04]} Re8 {[%emt 0:00:07]} 15. Rxe5 {[%emt 0:00:03]} dxe5 {[%emt 0:00:01]} 16. Rxd8 {[%emt 0:00:02]} Raxd8 {[%emt 0:00:00]} 17. h3 {[%emt 0:00:01]} Rd4 {[%emt 0:00:03]} 18. g4 {[%emt 0:00:03]} f6 {[%emt 0:00:02]} 19. Be3 {[%emt 0:00:02]} Rd7 {[%emt 0:00:04]} 20. Qh6 {[%emt 0:00:02]} Rf8 {[%emt 0:00:02]} 21. Bxa7 {[%emt 0:00:02]} Rf7 {[%emt 0:00:01]} 22. Be3 {[%emt 0:00:01]} Rg7 {[%emt 0:00:01]} 23. Kf1 {[%emt 0:00:01]} f5 {[%emt 0:00:01]} 24. Bg5 {[%emt 0:00:04]} f4 {[%emt 0:00:01]} 25. Ke2 {[%emt 0:00:01]} Rc7 {[%emt 0:00:02]} 26. Kd2 {[%emt 0:00:03]} Be8 {[%emt 0:00:02]} 27. Ne4 {[%emt 0:00:02]} Bc6 {[%emt 0:00:02]} 28. f3 {[%emt 0:00:01]} Bxe4 {[%emt 0:00:01]} 29. fxe4 {[%emt 0:00:00]} Rd7+ {[%emt 0:00:01]} 30. Kc1 {[%emt 0:00:01]} Rd4 {[%emt 0:00:01]} 31. Bxf4 {[%emt 0:00:03]} exf4 {[%emt 0:00:02]} 32. Qxf4 {[%emt 0:00:00]} Rf7 {[%emt 0:00:01]} 33. Qxf7+ {[%emt 0:00:05]} Kxf7 {[%emt 0:00:02]} 34. c3 {[%emt 0:00:00]} Rd7 {[%emt 0:00:01]} 35. Kc2 {[%emt 0:00:00]} e6 {[%emt 0:00:00]} 36. a4 {[%emt 0:00:00]} e5 {[%emt 0:00:00]} 37. b4 {[%emt 0:00:00]} Ke6 {[%emt 0:00:00]} 38. Kb3 {[%emt 0:00:00]} Rc7 {[%emt 0:00:00]} 39. a5 {[%emt 0:00:00]} h5 {[%emt 0:00:01]} 40. b5 {[%emt 0:00:00]} hxg4 {[%emt 0:00:01]} 41. hxg4 {[%emt 0:00:00]} Rc5 {[%emt 0:00:01]} 42. Kb4 {[%emt 0:00:00]} Rc8 {[%emt 0:00:01]} 43. c4 {[%emt 0:00:00]} Rb8 {[%emt 0:00:02]} 44. b6 {[%emt 0:00:00] Time (Lag: Av=0.32s, max=0.5s)} 1-0